000 00479nam a2200193 a 4500
001 1774863791557
003 YourLibrary
005 20260330151550.0
008 260330s2003##################000#0#eng##
020 _a9780755310593
082 0 4 _a358.400941
_bPAR
100 1 _aParker, John,
_eauthor.
245 1 0 _aStrike Command :
260 _c2003.
300 _a440 pages
650 0 _aAir pilots, Military.
942 _cENGLISH
040 _aYourLibrary
_beng
_cYourLibrary
999 _c618210
_d618210